[Event "POL-chT 1st League"]
[White "Smagalski, Jaroslaw"]
[Black "Panas, Pawel"]
[Site "Sypniewo"]
[Round "9.10"]
[Result "1-0"]
[Date "2022.09.11"]
[WhiteElo "1911"]
[BlackElo "2148"]
[PlyCount "109"]
[EventDate "2022.09.03"]
[EventType "team-swiss"]
[EventRounds "9"]
[EventCountry "POL"]
[SourceTitle "CBM 210 Extra"]
[Source "ChessBase"]
[SourceDate "2022.11.30"]
[SourceVersion "1"]
[SourceVersionDate "2022.11.30"]
[SourceQuality "1"]
[WhiteTeam "Konin Hetman"]
[BlackTeam "Lublin LKSz"]
[WhiteTeamCountry "POL"]
[BlackTeamCountry "POL"]

1. e4 c5 2. Nc3 e6 3. f4 Ne7 4. d3 Nec6 5. g3 d5 6. Bg2 d4 7. Nce2 Be7 8. Nf3 0-0 9. 0-0 Qc7 10. Bd2 b5 11. h3 a5 12. g4 f5 13. e5 Nd7 14. Qe1 a4 15. Qg3 Nb6 16. Kh2 a3 17. b3 Re8 18. Rg1 Bf8 19. Qh4 Qe7 20. Ng5 h6 21. Bxc6 hxg5 22. Qxg5 Qxg5 23. fxg5 Bd7 24. Bxa8 Nxa8 25. h4 Nc7 26. Nf4 Bc6 27. Rae1 Nd5 28. Ng6 Ne7 29. Nxe7+ Rxe7 30. Kg3 Bd5 31. h5 Rc7 32. g6 fxg4 33. Kxg4 c4 34. Rc1 Ra7 35. Rgf1 Rc7 36. Ba5 Rc6 37. Bd2 Rc7 38. Ba5 Rc6 39. Bd2 Rc7 40. Kg3 Ra7 41. Rf2 Rc7 42. Rcf1 Rc8 43. Rxf8+ Rxf8 44. Rxf8+ Kxf8 45. Bb4+ Kg8 46. Bxa3 cxb3 47. axb3 Bc6 48. Bc5 Bb7 49. Bxd4 Bc6 50. Bc5 Bb7 51. Be7 Bc6 52. Kf4 Bg2 53. Ke3 Bh3 54. c4 bxc4 55. dxc4 1-0

[Event "POL-chT 1st League"]
[White "Panas, Pawel"]
[Black "Bardeli, Lukasz"]
[Site "Sypniewo"]
[Round "6.8"]
[Result "1-0"]
[Date "2022.09.08"]
[WhiteElo "2148"]
[BlackElo "2157"]
[PlyCount "83"]
[EventDate "2022.09.03"]
[EventType "team-swiss"]
[EventRounds "9"]
[EventCountry "POL"]
[SourceTitle "CBM 210 Extra"]
[Source "ChessBase"]
[SourceDate "2022.11.30"]
[SourceVersion "1"]
[SourceVersionDate "2022.11.30"]
[SourceQuality "1"]
[WhiteTeam "Lublin LKSz"]
[BlackTeam "Chrobry Gniezno"]
[WhiteTeamCountry "POL"]
[BlackTeamCountry "POL"]

1. d4 Nf6 2. Nf3 d6 3. g3 Nbd7 4. Nc3 e5 5. Bg2 Be7 6. e4 c6 7. 0-0 0-0 8. a4 a5 9. Re1 Qc7 10. h3 Re8 11. Be3 Nf8 12. d5 Bd7 13. Nd2 Rec8 14. Qe2 h5 15. Kh2 Ng6 16. Ra3 h4 17. Rb3 c5 18. Nc4 Ra6 19. Nb5 Qd8 20. Bd2 Rca8 21. Rg1 Ne8 22. Bf3 Bg5 23. Be1 Qc8 24. Bg4 Bxg4 25. Qxg4 Qxg4 26. hxg4 hxg3+ 27. fxg3 Kf8 28. Kg2 Bd8 29. Kf3 Rc8 30. Rh1 Ke7 31. Bd2 Kd7 32. g5 b6 33. Kg4 Raa8 34. Rf3 Ke7 35. Rhf1 Nh8 36. g6 fxg6 37. Bg5+ Nf6+ 38. Bxf6+ gxf6 39. Rxf6 Bc7 40. Re6+ Kd7 41. Nxc7 Kxc7 42. Re7+ 1-0

[Event "POL-chT 1st League"]
[White "Padalka, Artem"]
[Black "Panas, Pawel"]
[Site "Sypniewo"]
[Round "5.8"]
[Result "0-1"]
[Date "2022.09.07"]
[WhiteElo "2184"]
[BlackElo "2148"]
[PlyCount "204"]
[EventDate "2022.09.03"]
[EventType "team-swiss"]
[EventRounds "9"]
[EventCountry "POL"]
[SourceTitle "CBM 210 Extra"]
[Source "ChessBase"]
[SourceDate "2022.11.30"]
[SourceVersion "1"]
[SourceVersionDate "2022.11.30"]
[SourceQuality "1"]
[WhiteTeam "Chylice Laura"]
[BlackTeam "Lublin LKSz"]
[WhiteTeamCountry "POL"]
[BlackTeamCountry "POL"]

1. d4 e6 2. e4 d5 3. Nc3 dxe4 4. Nxe4 Bd7 5. Nf3 Bc6 6. Bd3 Bxe4 7. Bxe4 c6 8. 0-0 Nf6 9. Bd3 g6 10. b3 Bg7 11. Ba3 Bf8 12. Bxf8 Kxf8 13. Qd2 Kg7 14. c4 Nbd7 15. Qc3 Qc7 16. Rfe1 Rhe8 17. Re3 Rad8 18. Rae1 Kg8 19. Bc2 b6 20. h3 a5 21. a3 Rc8 22. Ne5 Red8 23. Rf3 Nxe5 24. dxe5 Nd7 25. h4 Nf8 26. Qe3 c5 27. h5 Qe7 28. g3 Rd4 29. Kg2 Rcd8 30. Rh1 R8d7 31. a4 Qd8 32. Be4 Qc7 33. Qf4 Qd8 34. Rh4 Qe7 35. Qh6 Rd8 36. Rf6 Qc7 37. Qg5 Re8 38. Rhf4 Rd7 39. hxg6 fxg6 40. Qh6 Rg7 41. Qg5 Rd8 42. Rf3 Qe7 43. Qf4 Qe8 44. Bc6 Qe7 45. Qe4 Qc7 46. Bb5 Qb7 47. Qf4 Qe7 48. Bc6 Rc8 49. Qe4 Rd8 50. Rd3 Qc7 51. Rff3 Nd7 52. Rd6 Nf8 53. Rfd3 Rc8 54. f4 Rb8 55. Qf3 Qc8 56. Be4 Rc7 57. Qg4 Qe8 58. Qd1 Qe7 59. Kf3 Rcc8 60. Kg4 Qe8 61. Kh3 Qe7 62. Bc6 Qf7 63. Kg2 Rc7 64. Bb5 Qf5 65. Qf3 Qf7 66. Rd8 Rcc8 67. Rxc8 Rxc8 68. Rd6 Rb8 69. g4 Qe7 70. Kg3 Kf7 71. Kh3 Kg8 72. Qd3 Qf7 73. Qe4 Kg7 74. Kg3 Qe7 75. Qd3 Kg8 76. Bd7 Rd8 77. Bb5 Rb8 78. Qf3 Kg7 79. Qc6 Kg8 80. Ba6 g5 81. f5 exf5 82. Qd5+ Kh8 83. gxf5 Re8 84. e6 Qf6 85. Bb5 Re7 86. Rxb6 Qc3+ 87. Qf3 Qe1+ 88. Kg2 g4 89. Qd3 g3 90. Qc2 h5 91. Rd6 h4 92. Kh3 Qh1+ 93. Kg4 Rg7+ 94. Kf4 g2 95. e7 Qf1+ 96. Ke5 Qe1+ 97. Kd5 Qxe7 98. f6 Qf7+ 99. Ke5 Rg5+ 100. Kf4 g1Q 101. Bc6 Qg3+ 102. Ke4 Re5# 0-1

[Event "POL-chT 2nd League"]
[White "Panas, Pawel"]
[Black "Slawinski, Miroslaw"]
[Site "Sypniewo"]
[Round "8.5"]
[Result "1/2-1/2"]
[Date "2021.09.11"]
[WhiteElo "2158"]
[BlackElo "2035"]
[PlyCount "42"]
[EventDate "2021.09.04"]
[EventType "team-swiss"]
[EventRounds "9"]
[EventCountry "POL"]
[SourceTitle "CBM 204 Extra"]
[Source "ChessBase"]
[SourceDate "2021.11.30"]
[SourceVersion "1"]
[SourceVersionDate "2021.11.30"]
[SourceQuality "1"]
[WhiteTeam "Lublin Drakon SKOK Chmielewskiego"]
[BlackTeam "Olsztyn Trzydziestka"]
[WhiteTeamCountry "POL"]
[BlackTeamCountry "POL"]

1. Nf3 Nf6 2. g3 g6 3. Bg2 Bg7 4. 0-0 0-0 5. c4 d6 6. d4 Nc6 7. d5 Na5 8. Nfd2 c5 9. Nc3 a6 10. Qc2 Rb8 11. b3 b5 12. Bb2 Bd7 13. Rae1 bxc4 14. bxc4 Rb4 15. a3 Rb7 16. Ba1 Qc7 17. Rb1 Rfb8 18. h3 h5 19. Rxb7 Rxb7 20. Rb1 Qc8 21. Rxb7 Nxb7 1/2-1/2

[Event "POL-chT 2nd League"]
[White "Panas, Pawel"]
[Black "Walkusz, Witoslaw"]
[Site "Sypniewo"]
[Round "5.2"]
[Result "1/2-1/2"]
[Date "2021.09.08"]
[WhiteElo "2158"]
[BlackElo "2015"]
[PlyCount "47"]
[EventDate "2021.09.04"]
[EventType "team-swiss"]
[EventRounds "9"]
[EventCountry "POL"]
[SourceTitle "CBM 204 Extra"]
[Source "ChessBase"]
[SourceDate "2021.11.30"]
[SourceVersion "1"]
[SourceVersionDate "2021.11.30"]
[SourceQuality "1"]
[WhiteTeam "Lublin Drakon SKOK Chmielewskiego"]
[BlackTeam "Zakrzewo Korona"]
[WhiteTeamCountry "POL"]
[BlackTeamCountry "POL"]

1. d4 d6 2. e4 Nf6 3. Nc3 g6 4. g3 Bg7 5. Bg2 0-0 6. Nge2 Nbd7 7. 0-0 e5 8. h3 a5 9. a4 Re8 10. Re1 c6 11. Be3 Qc7 12. g4 Nb6 13. Qd3 d5 14. dxe5 dxe4 15. Nxe4 Nxe4 16. Bxe4 Bxe5 17. Bd4 Be6 18. Bxe5 Qxe5 19. Qd4 Bd5 20. Qxe5 Rxe5 21. Bxd5 Nxd5 22. c4 Nb4 23. Nd4 Rae8 24. Rxe5 1/2-1/2

[Event "POL-chT 2nd League"]
[White "Garbowski, Jakub"]
[Black "Panas, Pawel"]
[Site "Poronin"]
[Round "9.16"]
[Result "1/2-1/2"]
[Date "2020.09.13"]
[WhiteElo "2139"]
[BlackElo "2159"]
[PlyCount "53"]
[EventDate "2020.09.05"]
[EventType "team-swiss"]
[EventRounds "9"]
[EventCountry "POL"]
[SourceTitle "CBM 198 Extra"]
[Source "ChessBase"]
[SourceDate "2020.11.30"]
[SourceVersion "1"]
[SourceVersionDate "2020.11.30"]
[SourceQuality "1"]
[WhiteTeam "Jaworzno"]
[BlackTeam "Lublin LKSz"]
[WhiteTeamCountry "POL"]
[BlackTeamCountry "POL"]

1. e4 e6 2. d4 d5 3. Nd2 dxe4 4. Nxe4 Bd7 5. Nf3 Bc6 6. Bd3 Nd7 7. 0-0 Ngf6 8. Ng3 g6 9. Qe2 Bg7 10. Bd2 Bxf3 11. Qxf3 c6 12. c4 0-0 13. Bc3 Re8 14. Rfe1 Qc7 15. Bc2 Red8 16. Rad1 b5 17. b3 a5 18. Ne4 Nxe4 19. Bxe4 Rac8 20. Bd2 bxc4 21. bxc4 Qa7 22. Bg5 f6 23. Bf4 Nf8 24. Bxc6 Rxd4 25. Be3 Rxd1 26. Rxd1 Qc7 27. Bb5 1/2-1/2

[Event "POL-chT 2nd League"]
[White "Czerw, Dawid"]
[Black "Panas, Pawel"]
[Site "Poronin"]
[Round "5.8"]
[Result "1/2-1/2"]
[Date "2020.09.09"]
[WhiteElo "2275"]
[BlackElo "2159"]
[PlyCount "71"]
[EventDate "2020.09.05"]
[EventType "team-swiss"]
[EventRounds "9"]
[EventCountry "POL"]
[SourceTitle "CBM 198 Extra"]
[Source "ChessBase"]
[SourceDate "2020.11.30"]
[SourceVersion "1"]
[SourceVersionDate "2020.11.30"]
[SourceQuality "1"]
[WhiteTeam "Jastrzebie Zdroj Pionier"]
[BlackTeam "Lublin LKSz"]
[WhiteTeamCountry "POL"]
[BlackTeamCountry "POL"]

1. d4 Nf6 2. c4 c5 3. d5 g6 4. Nc3 Bg7 5. e4 d6 6. h3 0-0 7. Bd3 e6 8. Nf3 Na6 9. 0-0 Nc7 10. dxe6 Nxe6 11. Be3 b6 12. Qd2 Nd7 13. Rad1 Ne5 14. Be2 Ba6 15. b3 Re8 16. Ne1 Nc6 17. Bd3 Bb7 18. Nc2 Ncd4 19. Rfe1 Nxc2 20. Bxc2 Nd4 21. Bxd4 cxd4 22. Nb5 a6 23. Nxd4 Qc7 24. Nf3 Rad8 25. Nh2 h5 26. Nf1 Qc5 27. Bd3 a5 28. Qc2 Re7 29. Re2 Rde8 30. Qd2 Re6 31. Rde1 Kh7 32. Nh2 Bh6 33. Qc2 Rf6 34. Qc3 Bg7 35. Qd2 Bh6 36. Qc3 1/2-1/2

[Event "POL-chT 2nd League"]
[White "Panas, Pawel"]
[Black "Jankowiak, Piotr"]
[Site "Poronin"]
[Round "2.8"]
[Result "1-0"]
[Date "2020.09.06"]
[WhiteElo "2159"]
[BlackElo "2000"]
[PlyCount "53"]
[EventDate "2020.09.05"]
[EventType "team-swiss"]
[EventRounds "9"]
[EventCountry "POL"]
[SourceTitle "CBM 198 Extra"]
[Source "ChessBase"]
[SourceDate "2020.11.30"]
[SourceVersion "1"]
[SourceVersionDate "2020.11.30"]
[SourceQuality "1"]
[WhiteTeam "Lublin LKSz"]
[BlackTeam "Bogatynia UKS SP3"]
[WhiteTeamCountry "POL"]
[BlackTeamCountry "POL"]

1. Nf3 d5 2. c4 e6 3. e3 Nf6 4. b3 Be7 5. Bb2 0-0 6. d4 c5 7. Bd3 Nc6 8. 0-0 b6 9. Nbd2 Bb7 10. Rc1 Rc8 11. Qe2 cxd4 12. exd4 Bb4 13. a3 dxc4 14. bxc4 Bd6 15. Ne4 Be7 16. Rfd1 Na5 17. Ned2 Qd6 18. Ne5 Rfd8 19. f4 Nc6 20. Ndf3 Na5 21. Bb1 Nb3 22. Rc3 Nc5 23. Re3 Ba6 24. Ng5 Qc7 25. Ngxf7 Rf8 26. Ng5 Nd5 27. Bxh7+ 1-0

[Event "POL-chT 1st League"]
[White "Krysztofiak, Marcin"]
[Black "Panas, Pawel"]
[Site "Pokrzywna"]
[Round "8.2"]
[Result "1/2-1/2"]
[Date "2018.09.08"]
[WhiteElo "2386"]
[BlackElo "2181"]
[PlyCount "67"]
[EventDate "2018.09.01"]
[EventType "team-tourn"]
[EventRounds "9"]
[EventCountry "POL"]
[SourceTitle "CBM 186 Extra"]
[Source "ChessBase"]
[SourceDate "2018.08.24"]
[SourceVersion "1"]
[SourceVersionDate "2018.08.24"]
[SourceQuality "1"]
[WhiteTeam "Znin Baszta"]
[BlackTeam "Lublin Drakon"]
[WhiteTeamCountry "POL"]
[BlackTeamCountry "POL"]

1. Nf3 e6 2. g3 d5 3. Bg2 Nf6 4. 0-0 b5 5. d3 Bb7 6. c4 bxc4 7. dxc4 c6 8. Qc2 Nbd7 9. Bf4 Bc5 10. Nc3 0-0 11. Na4 Be7 12. Rac1 Rc8 13. Ne5 Ba6 14. b3 Nxe5 15. Bxe5 Nd7 16. Bb2 Nb6 17. Nxb6 axb6 18. Rfd1 Bf6 19. e3 Bxb2 20. Qxb2 Qe7 21. cxd5 cxd5 22. e4 dxe4 23. Bxe4 Bb7 24. Bxb7 Qxb7 25. Qd2 h6 26. Rxc8 Rxc8 27. Rc1 Rxc1+ 28. Qxc1 Qe4 29. Qc8+ Kh7 30. Qc7 Qe1+ 31. Kg2 Qe4+ 32. Kg1 Qe1+ 33. Kg2 Qe4+ 34. Kg1 1/2-1/2

[Event "POL-chT 1st League"]
[White "Jaroch, Karol"]
[Black "Panas, Pawel"]
[Site "Pokrzywna"]
[Round "6.3"]
[Result "1-0"]
[Date "2018.09.06"]
[WhiteElo "2222"]
[BlackElo "2181"]
[PlyCount "47"]
[EventDate "2018.09.01"]
[EventType "team-tourn"]
[EventRounds "9"]
[EventCountry "POL"]
[SourceTitle "CBM 186 Extra"]
[Source "ChessBase"]
[SourceDate "2018.08.24"]
[SourceVersion "1"]
[SourceVersionDate "2018.08.24"]
[SourceQuality "1"]
[WhiteTeam "Pawlowice Gminy"]
[BlackTeam "Lublin Drakon"]
[WhiteTeamCountry "POL"]
[BlackTeamCountry "POL"]

1. c4 e6 2. Nf3 c5 3. g3 b6 4. Bg2 Bb7 5. 0-0 Nf6 6. Nc3 Be7 7. Re1 Ne4 8. Qc2 Nxc3 9. dxc3 0-0 10. Ng5 Bxg5 11. Bxb7 Bxc1 12. Raxc1 Nc6 13. Bxa8 Qxa8 14. Rcd1 d5 15. cxd5 exd5 16. Qf5 d4 17. e3 Rd8 18. exd4 cxd4 19. Qe4 Qc8 20. cxd4 f5 21. Qe3 Nb4 22. d5 f4 23. Qe6+ Qxe6 24. dxe6 1-0

[Event "POL-chT 1st League"]
[White "Panas, Pawel"]
[Black "Licznerski, Lukasz"]
[Site "Pokrzywna"]
[Round "2.6"]
[Result "1/2-1/2"]
[Date "2018.09.02"]
[WhiteElo "2181"]
[BlackElo "2277"]
[PlyCount "214"]
[EventDate "2018.09.01"]
[EventType "team-tourn"]
[EventRounds "9"]
[EventCountry "POL"]
[SourceTitle "CBM 186 Extra"]
[Source "ChessBase"]
[SourceDate "2018.08.24"]
[SourceVersion "1"]
[SourceVersionDate "2018.08.24"]
[SourceQuality "1"]
[WhiteTeam "Lublin Drakon"]
[BlackTeam "Gostynin Gostmat 83"]
[WhiteTeamCountry "POL"]
[BlackTeamCountry "POL"]

1. e4 e5 2. Nf3 Nc6 3. Bb5 Nf6 4. d3 Bc5 5. 0-0 Nd4 6. Nxd4 Bxd4 7. c3 Bb6 8. Nd2 c6 9. Bc4 0-0 10. Bb3 d5 11. h3 Qd6 12. Qf3 Be6 13. Re1 Nd7 14. g4 Rad8 15. Qg3 Nc5 16. Bc2 dxe4 17. Nxe4 Nxe4 18. dxe4 f6 19. Qf3 Rd7 20. Rd1 Qc7 21. Rxd7 Qxd7 22. Be3 h5 23. Rd1 hxg4 24. hxg4 Qf7 25. Bxb6 axb6 26. Bb3 Bxb3 27. axb3 Qxb3 28. Rd7 Rf7 29. Rd8+ Rf8 30. Rd7 Qxb2 31. Rxb7 Rf7 32. Rb8+ Rf8 33. Rb7 b5 34. Kg2 Qd2 35. Qf5 Rd8 36. Qe6+ Kh8 37. Qe7 Rg8 38. Qf7 Qg5 39. f3 Qd2+ 40. Kh3 Qh6+ 41. Kg2 Ra8 42. Rc7 Ra1 43. Qh5 Qxh5 44. gxh5 Ra6 45. Kg3 Kh7 46. Kg4 Kh6 47. Rc8 g6 48. hxg6 Kxg6 49. Rc7 Rb6 50. Rc8 Kf7 51. Kf5 Ke7 52. Rc7+ Kd6 53. Rf7 Kc5 54. Kxf6 Kc4 55. Kxe5 Kxc3 56. Kd6 b4 57. Kc5 b3 58. Kxb6 b2 59. Kxc6 b1Q 60. Rf5 Qb8 61. Kd7 Kd4 62. Ke7 Qc7+ 63. Ke6 Qg7 64. Rd5+ Ke3 65. Rf5 Qg6+ 66. Ke7 Kd4 67. Rd5+ Ke3 68. Rf5 Qc6 69. Kf7 Qd6 70. Rf6 Qd7+ 71. Kg6 Qe8+ 72. Kg7 Qe7+ 73. Kg6 Kf2 74. Rf7 Qe6+ 75. Kg7 Kg3 76. Rf5 Qe8 77. Kf6 Kh4 78. Kg7 Qe7+ 79. Kg6 Kg3 80. Rf7 Qe5 81. Rf5 Qe7 82. Rf7 Qe6+ 83. Kg7 Qe5+ 84. Kg6 Qh8 85. Rf5 Qg8+ 86. Kf6 Kf2 87. Ke7 Ke3 88. Kf6 Kd4 89. Rd5+ Kc4 90. Rf5 Qh7 91. Ke6 Qg8+ 92. Kf6 Qe8 93. Kg7 Qe6 94. Rf6 Qe7+ 95. Kg6 Kc5 96. Rf5+ Kd6 97. Rf6+ Ke5 98. Rf5+ Ke6 99. Kh6 Qc7 100. Kg6 Qg3+ 101. Kh5 Ke7 102. Kh6 Qh4+ 103. Kg6 Ke6 104. Kg7 Qd8 105. Kg6 Qh8 106. Kg5 Qg7+ 107. Kh5 Qg6+ 1/2-1/2

[Event "POL-chT 1st League"]
[White "Krysztofiak, Marcin"]
[Black "Panas, Pawel"]
[Site "Poronin"]
[Round "6.5"]
[Result "1/2-1/2"]
[Date "2017.09.07"]
[WhiteElo "2383"]
[BlackElo "2168"]
[PlyCount "63"]
[EventDate "2017.09.02"]
[EventType "team-tourn"]
[EventRounds "9"]
[EventCountry "POL"]
[SourceTitle "CBM 180 Extra"]
[Source "ChessBase"]
[SourceDate "2017.10.06"]
[SourceVersion "1"]
[SourceVersionDate "2017.10.06"]
[SourceQuality "1"]
[WhiteTeam "Znin Baszta"]
[BlackTeam "Lublin Drakon"]
[WhiteTeamCountry "POL"]
[BlackTeamCountry "POL"]

1. Nf3 e6 2. g3 d5 3. Bg2 Nf6 4. 0-0 Be7 5. c4 dxc4 6. Na3 c5 7. Nxc4 Nc6 8. b3 0-0 9. Bb2 Nd5 10. d4 cxd4 11. Nxd4 Nxd4 12. Bxd4 b5 13. Ne5 Bb7 14. Nd3 b4 15. Qd2 a5 16. Rac1 Rc8 17. Rxc8 Qxc8 18. Rc1 Qa8 19. Bxd5 Bxd5 20. Bc5 Bxc5 21. Rxc5 Rd8 22. Qc1 h6 23. f3 a4 24. Nxb4 axb3 25. axb3 Bxb3 26. Qc3 Ba4 27. Nc6 Bxc6 28. Rxc6 Qa7+ 29. Kg2 Qa2 30. Qc2 Qd5 31. Rc8 Rxc8 32. Qxc8+ 1/2-1/2

[Event "POL-chT 1st League"]
[White "Panas, Pawel"]
[Black "Karbowiak, Adam"]
[Site "Poronin"]
[Round "4.5"]
[Result "1-0"]
[Date "2017.09.05"]
[WhiteElo "2168"]
[BlackElo "2101"]
[PlyCount "57"]
[EventDate "2017.09.02"]
[EventType "team-tourn"]
[EventRounds "9"]
[EventCountry "POL"]
[SourceTitle "CBM 180 Extra"]
[Source "ChessBase"]
[SourceDate "2017.10.06"]
[SourceVersion "1"]
[SourceVersionDate "2017.10.06"]
[SourceQuality "1"]
[WhiteTeam "Lublin Drakon"]
[BlackTeam "Grudziadz Rotmistrz"]
[WhiteTeamCountry "POL"]
[BlackTeamCountry "POL"]

1. e4 e6 2. d4 d5 3. Nd2 dxe4 4. Nxe4 Bd7 5. Nf3 Bc6 6. Bd3 Nd7 7. c3 Ngf6 8. Nxf6+ Qxf6 9. Bg5 Bxf3 10. Qd2 Bxg2 11. Bxf6 Bxh1 12. Bh4 Bf3 13. Qf4 Bh5 14. Qxc7 a6 15. Be4 Be7 16. Bxb7 Bxh4 17. Bxa8 0-0 18. Qxd7 Rxa8 19. b4 h6 20. Qb7 Re8 21. b5 axb5 22. Qxb5 f5 23. a4 Bf6 24. f4 g5 25. a5 Rc8 26. Kd2 gxf4 27. Qd7 Re8 28. a6 Kf8 29. Qc6 1-0

[Event "POL-chT 1st League"]
[White "Wcislo, Damian"]
[Black "Panas, Pawel"]
[Site "Poronin"]
[Round "3.2"]
[Result "1-0"]
[Date "2017.09.04"]
[WhiteElo "2403"]
[BlackElo "2168"]
[PlyCount "91"]
[EventDate "2017.09.02"]
[EventType "team-tourn"]
[EventRounds "9"]
[EventCountry "POL"]
[SourceTitle "CBM 180 Extra"]
[Source "ChessBase"]
[SourceDate "2017.10.06"]
[SourceVersion "1"]
[SourceVersionDate "2017.10.06"]
[SourceQuality "1"]
[WhiteTeam "Pegow Wieza"]
[BlackTeam "Lublin Drakon"]
[WhiteTeamCountry "POL"]
[BlackTeamCountry "POL"]

1. d4 e6 2. c4 f5 3. Nc3 Nf6 4. Qc2 Bb4 5. e3 0-0 6. Bd3 b6 7. Nge2 Bb7 8. f3 c5 9. a3 Bxc3+ 10. Qxc3 Qc7 11. 0-0 Nc6 12. b4 Ne7 13. a4 Rac8 14. bxc5 bxc5 15. Ba3 d6 16. dxc5 dxc5 17. Nf4 Kf7 18. Bc2 Ng6 19. Nd3 Nd7 20. Rab1 Ba6 21. a5 Qc6 22. Nb2 Qc7 23. Ba4 Nde5 24. Bb5 Bb7 25. a6 Ba8 26. f4 Ng4 27. Na4 Qe7 28. h3 Nf6 29. Rfd1 Rc7 30. Qe1 Ne4 31. Rbc1 Kg8 32. Rc2 Rd8 33. Bb2 Rcc8 34. Rcc1 Rxd1 35. Rxd1 Rd8 36. Nc3 Rxd1 37. Qxd1 Nf8 38. Nxe4 Bxe4 39. Be5 Qh4 40. Qd2 h6 41. Bc7 Qf6 42. Kh2 Kh7 43. Be5 Qf7 44. Qd8 Qg6 45. g4 fxg4 46. Be8 1-0

[Event "POL-chT 1st League"]
[White "Stanach, Fabian"]
[Black "Panas, Pawel"]
[Site "Jastrzebia Gora"]
[Round "8.29"]
[Result "1-0"]
[Date "2015.09.12"]
[WhiteElo "2058"]
[BlackElo "2100"]
[PlyCount "67"]
[EventDate "2015.09.05"]
[EventType "team-tourn"]
[EventRounds "9"]
[EventCountry "POL"]
[SourceTitle "EXT 2016"]
[Source "ChessBase"]
[SourceDate "2015.10.08"]
[SourceVersion "1"]
[SourceVersionDate "2015.10.08"]
[SourceQuality "1"]
[WhiteTeam "Myslenice"]
[BlackTeam "Lublin Drakon"]
[WhiteTeamCountry "POL"]
[BlackTeamCountry "POL"]

1. c4 e6 2. g3 d5 3. Bg2 Nf6 4. b3 dxc4 5. Nc3 cxb3 6. Qxb3 c6 7. Nf3 Nbd7 8. 0-0 Be7 9. d4 0-0 10. Rd1 Qa5 11. Bd2 Qa3 12. Qc2 Nd5 13. Ne4 h6 14. g4 f5 15. gxf5 exf5 16. Ng3 f4 17. Nf5 Bf6 18. Kh1 N7b6 19. N3h4 Ne7 20. Nxe7+ Bxe7 21. Ng6 Bf5 22. Be4 Bxg6 23. Bxg6 Bg5 24. Rab1 Qh3 25. Rg1 Rad8 26. Bb4 Rfe8 27. Bxe8 Rxe8 28. Bd6 Qh4 29. Qg6 Rd8 30. Be5 Rd7 31. Rxb6 Rf7 32. Rb3 Qxf2 33. Qe4 Bh4 34. Rf3 1-0

[Event "Rubinstein Memorial op 51st"]
[White "Panas, Pawel"]
[Black "Kokoszczynski, Jan"]
[Site "Polanica Zdroj"]
[Round "6"]
[Result "1/2-1/2"]
[Date "2015.08.27"]
[WhiteElo "2100"]
[BlackElo "1966"]
[PlyCount "86"]
[EventDate "2015.08.22"]
[EventType "swiss"]
[EventRounds "9"]
[EventCountry "POL"]
[SourceTitle "EXT 2016"]
[Source "ChessBase"]
[SourceDate "2015.10.08"]
[SourceVersion "1"]
[SourceVersionDate "2015.10.08"]
[SourceQuality "1"]

1. d4 Nf6 2. c4 e6 3. Nf3 Bb4+ 4. Bd2 Qe7 5. a3 Bxd2+ 6. Nbxd2 d6 7. e4 e5 8. Bd3 0-0 9. 0-0 c5 10. d5 Ne8 11. b4 b6 12. bxc5 dxc5 13. a4 a5 14. Rb1 Nd7 15. Qc2 Nd6 16. Rfe1 f6 17. Rb3 Ba6 18. Nf1 Kf7 19. Ng3 g6 20. Nd2 Ke8 21. Reb1 Rb8 22. f3 Kd8 23. R3b2 Kc7 24. Nb3 Rb7 25. Qc3 Kb8 26. Nc1 Ka7 27. Nce2 Rbb8 28. Qc2 Rf7 29. Nc1 Rff8 30. Nce2 Qf7 31. Nc1 Rg8 32. Nb3 Rb7 33. Nc1 Rf8 34. Nb3 Rbb8 35. Nc1 f5 36. exf5 gxf5 37. Nb3 h5 38. Bf1 h4 39. Nh1 Rg8 40. Nf2 Rg7 41. Nh3 Rbg8 42. Qc3 Rb8 43. Rc1 Qg6 1/2-1/2

[Event "Rubinstein Memorial op 51st"]
[White "Dubinski, Mateusz"]
[Black "Panas, Pawel"]
[Site "Polanica Zdroj"]
[Round "5"]
[Result "1-0"]
[Date "2015.08.26"]
[WhiteElo "2207"]
[BlackElo "2100"]
[PlyCount "21"]
[EventDate "2015.08.22"]
[EventType "swiss"]
[EventRounds "9"]
[EventCountry "POL"]
[SourceTitle "EXT 2016"]
[Source "ChessBase"]
[SourceDate "2015.10.08"]
[SourceVersion "1"]
[SourceVersionDate "2015.10.08"]
[SourceQuality "1"]

1. d4 e6 2. c4 f5 3. g3 Nf6 4. Bg2 c6 5. d5 cxd5 6. cxd5 Bb4+ 7. Nc3 0-0 8. Qb3 Qb6 9. Be3 Qa5 10. Bd2 Qb6 11. Nh3 1-0

[Event "POL-chT1"]
[White "Panas, Pawel"]
[Black "Dudzinski, Pawel"]
[Site "Poronin"]
[Round "9.1"]
[Result "1/2-1/2"]
[Date "2014.09.07"]
[WhiteElo "2104"]
[BlackElo "2279"]
[PlyCount "64"]
[EventDate "2014.08.31"]
[EventType "team-tourn"]
[EventRounds "9"]
[EventCountry "POL"]
[SourceTitle "CBM 162 Extra"]
[Source "ChessBase"]
[SourceDate "2014.10.17"]
[SourceVersion "1"]
[SourceVersionDate "2014.10.17"]
[SourceQuality "1"]
[WhiteTeam "Lublin Drakon SKOK Chmielewskiego"]
[BlackTeam "Ostrow Welkopolski"]
[WhiteTeamCountry "POL"]
[BlackTeamCountry "POL"]

1. e4 c6 2. d4 d5 3. Nd2 g6 4. Ngf3 Bg7 5. h3 Nf6 6. Bd3 dxe4 7. Nxe4 0-0 8. 0-0 Nxe4 9. Bxe4 Nd7 10. c3 e5 11. dxe5 Nxe5 12. Qxd8 Rxd8 13. Nxe5 Bxe5 14. Be3 Be6 15. Rfd1 Bc7 16. Bf3 a6 17. Kf1 f5 18. Rxd8+ Rxd8 19. Ke1 Bd5 20. Bxd5+ Rxd5 21. Rd1 Rxd1+ 22. Kxd1 Kf7 23. Kd2 Ke6 24. Kd3 Kd5 25. c4+ Ke6 26. b3 Be5 27. Bc5 Bf6 28. Ba7 Bg7 29. Bc5 Bf6 30. Ba7 Bg7 31. Bc5 Bf6 32. Ba7 Bg7 1/2-1/2

[Event "POL-chT1"]
[White "Panas, Pawel"]
[Black "Migala, Andrzej"]
[Site "Poronin"]
[Round "2.1"]
[Result "1/2-1/2"]
[Date "2014.09.01"]
[WhiteElo "2104"]
[BlackElo "2066"]
[PlyCount "81"]
[EventDate "2014.08.31"]
[EventType "team-tourn"]
[EventRounds "9"]
[EventCountry "POL"]
[SourceTitle "CBM 162 Extra"]
[Source "ChessBase"]
[SourceDate "2014.10.17"]
[SourceVersion "1"]
[SourceVersionDate "2014.10.17"]
[SourceQuality "1"]
[WhiteTeam "Lublin Drakon SKOK Chmielewskiego"]
[BlackTeam "Ostroda Impact"]
[WhiteTeamCountry "POL"]
[BlackTeamCountry "POL"]

1. e4 c5 2. Nf3 d6 3. d4 cxd4 4. Nxd4 Nf6 5. Nc3 a6 6. g3 e5 7. Nb3 Be7 8. Bg2 b5 9. a4 b4 10. Nd5 Nxd5 11. Qxd5 Ra7 12. Be3 Be6 13. Qd2 Rb7 14. 0-0 0-0 15. f4 Nd7 16. h3 Qb8 17. Rfd1 Rc8 18. Na5 Rbc7 19. Rac1 f6 20. Bf2 Nc5 21. b3 Qb6 22. Nc4 Bxc4 23. bxc4 a5 24. Bf1 Qc6 25. Bxc5 Qxc5+ 26. Kg2 g6 27. Qd5+ Qxd5 28. Rxd5 Rc5 29. Rcd1 Rxd5 30. Rxd5 Rc5 31. Rxc5 dxc5 32. fxe5 fxe5 33. h4 h5 34. Kh3 Kg7 35. g4 Kh6 36. gxh5 gxh5 37. Be2 Kg6 38. Kg3 Bf6 39. Bf3 Be7 40. Be2 Bf6 41. Bf3 1/2-1/2